Anatomy: regional and applied.-- 6th ed. (Record no. 30755)

MARC details
000 -LEADER
fixed length control field 00728nam a2200205 a 4500
008 - FIXED-LENGTH DATA ELEMENTS--GENERAL INFORMATION
fixed length control field 110905s1978 ||||||||||||||||| || u
020 ## - INTERNATIONAL STANDARD BOOK NUMBER
International Standard Book Number 0443013179
050 ## - LIBRARY OF CONGRESS CALL NUMBER
Classification number QM 531 Las
100 ## - MAIN ENTRY--PERSONAL NAME
Personal name Last, R. J. (Raymond Jack)
245 10 - TITLE STATEMENT
Title Anatomy: regional and applied.-- 6th ed.
250 ## - EDITION STATEMENT
Edition statement 6th ed.
260 ## - PUBLICATION, DISTRIBUTION, ETC.
Place of publication, distribution, etc. Edinburgh
Name of publisher, distributor, etc. Churchill Livingstone
Date of publication, distribution, etc. 1978
300 ## - PHYSICAL DESCRIPTION
Extent xxiv, 598p.: ill.
350 ## -
-- 0.00
650 #3 - SUBJECT ADDED ENTRY--TOPICAL TERM
Topical term or geographic name entry element ANATOMY
650 ## - SUBJECT ADDED ENTRY--TOPICAL TERM
Topical term or geographic name entry element ANATOMY--HUMAN
650 ## - SUBJECT ADDED ENTRY--TOPICAL TERM
Topical term or geographic name entry element ANATOMY--REGIONAL
650 ## - SUBJECT ADDED ENTRY--TOPICAL TERM
Topical term or geographic name entry element ANATOMY--SURGICAL--TOPOGRAPHICAL
995 ## -
-- MEDICAL LIBRARY OPEN ACCESS
-- 0.00
-- 901044
-- CBU-SCHOOL OF MEDICINE LIBRARY (Ndola)
-- 1
-- 0.00
-- QM 531 Las
-- 1
-- AVAILABLE
-- Oct 6, 2011
-- 901044
-- Medical Library Open Access Collection
999 ## -
-- 30755
-- 30755
Holdings
Withdrawn status Lost status Source of classification or shelving scheme Damaged status Not for loan Permanent Location Current Location Shelving location Date acquired Total Checkouts Full call number Barcode Date last seen Price effective from Koha item type
          CBU-SCHOOL OF MEDICINE LIBRARY, NDOLA. CBU-SCHOOL OF MEDICINE LIBRARY, NDOLA.   11/30/2022   QM 531 Las 901044 11/30/2022 11/30/2022 MONOGRAPH